BASIC ELECTRICAL ENGINEERING (Record no. 8225)
[ view plain ]
| 000 -LEADER | |
|---|---|
| fixed length control field | 00723nam a22001577a 4500 |
| 003 - CONTROL NUMBER IDENTIFIER | |
| control field | SGT |
| 020 ## - INTERNATIONAL STANDARD BOOK NUMBER | |
| International Standard Book Number | 9788120341883 |
| 082 ## - DEWEY DECIMAL CLASSIFICATION NUMBER | |
| Classification number | 621.3 |
| Item number | SIN |
| 100 ## - MAIN ENTRY--PERSONAL NAME | |
| Personal name | SINGH,S.N |
| 245 ## - TITLE STATEMENT | |
| Title | BASIC ELECTRICAL ENGINEERING |
| 260 ## - PUBLICATION, DISTRIBUTION, ETC. (IMPRINT) | |
| Place of publication, distribution, etc | NEW DELHI |
| Name of publisher, distributor, etc | PHI |
| Year of Publication | 2013 |
| 300 ## - PAGE DESCRIPTION | |
| No. of Pages | 443 |
| 650 ## - SUBJECT ADDED ENTRY--TOPICAL TERM | |
| Topical term or geographic name as entry element | ELECTRICAL ENGINEERING |
| 653 ## - KEYWORDS--INDEX TERM | |
| Keyword term | CIRCUIT ELEMENTS,ANALYSIS OF DC CIRCUITS, STEADY STATE ANALYSIS OF AC CIRCUITS,TRANSIENT ANALYSIS OF AC/DC CIRCUITS, ELECTRICAL MEASURING INSTRUMENTS AND MEASUREMENTS,THREE PHASE AC CIRCUITS,RESONANCE,MAGNETIC CIRCUIT,TRANSFORMERS, ELECTROMECHANICAL ENERGY CONVERSION,DIRECT CURENT MACHINES,THREE PHASE INDUCTION MACHINES,THREE PHASE SYNCHRONOUS MACHINES,FRACTIONAL kW (HORSE-POWER) MOTORS |
| 942 ## - ADDED ENTRY ELEMENTS (KOHA) | |
| Source of classification or shelving scheme | Dewey Decimal Classification |
| Koha item type | Books |
| Withdrawn status | Lost status | Source of classification or shelving scheme | Damaged status | Use restrictions | Not for loan | Home library | Current library | Shelving location | Date acquired | Vendor Name | Cost, normal purchase price | SGTU | Full call number | Accession No. (Barcode) | Date last seen | Bill Date | Koha item type |
|---|---|---|---|---|---|---|---|---|---|---|---|---|---|---|---|---|---|
| Dewey Decimal Classification | Restricted Access | Not For Loan | SGT Engineering Library | SGT Engineering Library | Reference Book | 11/01/2016 | GIFTED | 325.00 | SGTU | 621.3 SIN | FE6494 | 11/01/2016 | 11/01/2016 | Books |